| 000 | 01164cam a2200337 a 4500 | ||
|---|---|---|---|
| 999 |
_c28262 _d28233 |
||
| 001 | 1460714 | ||
| 003 | EG-ScBUE | ||
| 005 | 20200308103804.0 | ||
| 008 | 860416t1986 enk f b 000 0 eng d | ||
| 020 | _a0566052083 | ||
| 040 |
_aDLC _beng _erda _cDLC _dDLC _dEG-ScBUE |
||
| 043 | _ae-uk--- | ||
| 082 | 0 | 4 |
_a338.6420941 _bPER _222 |
| 100 | 1 |
_aPerry, Martin, _d1956- _eauthor. |
|
| 245 | 1 | 0 |
_aSmall factories and economic development / _cMartin Perry, Department of Geography, University of Auckland. |
| 264 | 1 |
_aAldershot, Hants, England ; _aBrookfield, USA : _bGower Publishing Company, _c[1986] |
|
| 264 | 4 | _cc1986 | |
| 300 |
_axvi, 229 pages ; _c23 cm |
||
| 336 |
_2rdacontent _atext _btxt |
||
| 337 |
_2rdamedia _aunmediated _bn |
||
| 338 |
_2rdacarrier _avolume _bnc |
||
| 504 | _aIncludes bibliographical references. | ||
| 650 | 7 |
_aIndustrial location _zGreat Britain. _2BUEsh |
|
| 650 | 7 |
_aIndustrial policy _zGreat Britain. _2BUEsh |
|
| 650 | 7 |
_aSmall business _zGreat Britain. _2BUEsh |
|
| 653 |
_bBUSADM _cMarch2020 |
||
| 655 |
_vReading book _934232 |
||
| 906 |
_a7 _bcbc _corignew _d1 _eocip _f19 _gy-gencatlg |
||
| 942 |
_2ddc _cBB |
||